| 000 | 01355nam a2200289 a 4500 | ||
|---|---|---|---|
| 999 |
_c447735 _d447735 |
||
| 003 | BLK | ||
| 005 | 20230628121621.0 | ||
| 008 | 220302b bul|||||r ||||||| ||bul|| | ||
| 040 | _aBLK | ||
| 041 |
_aBUL _cBUL |
||
| 080 |
_aКуклен театър. Марионетен театър. Вж и 791.5 _b792.97 _x(497.215)(062) _z792.97(497.215)(062) |
||
| 111 |
_9471244 _aДържавен Куклен Театър _cРусе |
||
| 139 |
_aДържавен куклен театър, Русе _bД 96 |
||
| 245 | 1 | 0 |
_aАй Ем Сори _bСатирична куклена пиеса за възрастни от Христо Бойчев _h[Малотир. изд.] |
| 260 |
_aРусе _bб. и. _c1987 |
||
| 300 |
_a4 с. _c21 см |
||
| 380 | _a7 | ||
| 500 | _aСезон 1987/ 1988 г. ; Постановка: Боньо Лунгов, Съби Събев ; Сценография: Васил Свещаров, Радослав Рачев ; Муз. оформление: Александър Джамбазов, Иван Маринов ; Премиера 23 февр. 1988 г. | ||
| 653 | 7 |
_9189522 _aкуклен театър |
|
| 653 | 7 |
_9194632 _aпрограми |
|
| 653 | 7 |
_9197100 _aспектакли |
|
| 852 |
_bК _cК 792/Д 96 |
||
| 942 |
_cKNG _n0 _s1 _01 |
||
| 944 |
_aCR _c2022-03-08 _kВЙ |
||
| 999 | _d447735 | ||
| 999 | _d447669 | ||